Statistiques concernant Culture Générale - Série 295

Cliquez ici pour prendre le quiz!

Statistiques générales

  • Ce quiz a été pris 75 fois
  • Le résultat moyen est 6 sur 10

Statistiques - réponses

QuestionRéponse% Correct
Combien y a-t-il habituellement de trous dans une boule de bowling ?3
99%
Qu'est-ce que la Soufrière en Guadeloupe ?Un volcan
90%
Quelle est la racine carrée de 121 ?11
88%
Dans quel massif montagneux le col du Télégraphe est-il situé ?Les Alpes
84%
Quel cadeau Thérèse offre-t-elle à Pierre dans "Le Père Noël est une ordure" ?Un gilet
61%
Au poker, quelle combinaison se situe entre le brelan et la couleur ?La suite
52%
Dans la trilogie de Marcel Pagnol, de quelle ville est originaire Monsieur Brun ?Lyon
36%
Quel est le prénom d'Olivia Newton-John dans "Grease" ?Sandy
27%
En Formule 1, quelle est la couleur du drapeau qui indique la levée de l'interdiction de dépasser ?Verte
19%
A quel réalisateur doit-on le film "The Player" en 1992 ?Robert Altman
7%

Distribution des résultats

Percentile par nombre de réponses

% des personnes avec chaque résultat

Votre développement - résultats

Vous n’avez pas pris ce quiz